Úvod do diskrétnej matematiky /

Na minha lista:
Detalhes bibliográficos
Autor principal: Jablonskij, Sergej Vsevolodovič (Author)
Formato: Livro
Idioma:eslovaco
Publicado em: Bratislava : Alfa, 1984
Edição:1.vyd.
Colecção:Edícia výpočtovej techniky
Tags: Adicionar Tag
Sem tags, seja o primeiro a adicionar uma tag!

MARC

LEADER 00000nam a22000003a 4500
001 stu941
005 20150617225621.6
008 911220s1984----cs------------------slo-d
040 |a STU  |b slo 
041 0 |a slo 
044 |a cs 
080 |a 519.71  |7 stu_us_auth*stu8254 
100 1 |a Jablonskij, Sergej Vsevolodovič  |4 aut  |9 100 
245 1 |a Úvod do diskrétnej matematiky /  |c [aut.] Jablonskij,Sergej Vsevolodovič 
250 |a 1.vyd. 
260 |a Bratislava :  |b Alfa,  |c 1984 
300 |a 278 s 
830 0 |a Edícia výpočtovej techniky 
996 |b 284EK01655  |c E*73956  |l EE0101  |s P  |a 0  |w stu941_0002 
996 |b E55221  |c E*55221  |l EE03  |s P  |a 0  |w stu941_0004 
996 |b E55222  |c E*55222  |l EE03  |s P  |a 0  |w stu941_0005 
996 |c I*8DM2977  |l I  |s A  |a 24  |w stu941_0006 
996 |b 284EK01656  |c E*60157  |l EE01  |s A  |a 24  |w stu941_0009 
996 |b 284V030124  |c V*28225/O-11859  |l VVS  |s A  |a 24  |w stu941_0014 
996 |b 284V030123  |c V*28226/O-11859a  |l VVS  |s A  |a 24  |w stu941_0015